Mini Sudoku VI Quiz Stats

 Plays Quiz Updated Mar 17, 2020

     
Support Sporcle.
Go Orange.
Score 0/10 Timer 03:00
0 Plays Today
% Correct
1
97%
1
96.4%
1
95.6%
1
94.9%
4
94.5%
4
94.1%
2
94%
3
93.5%
4
93%
3
92.7%

From the Vault

Face Your Fears

by Zeus12888

We're feeling a little freaked out right now.
Remove Ads.
Support Sporcle.
Get the best of Sporcle when you Go Orange. This ad-free experience offers more features, more stats, and more fun while also helping to support Sporcle. Thank you for becoming a member.

Show Comments

Extras

Top Quizzes Today


Score Distribution

Your Account Isn't Verified!

In order to create a playlist on Sporcle, you need to verify the email address you used during registration. Go to your Sporcle Settings to finish the process.

Report this User

Report this user for behavior that violates our Community Guidelines.

Details: